000 00263nam a22001097a 4500
082 _a001
_bSIE/K
100 _aGOVT. OF INDIA
245 _aSIET KERALA GENERAL SUBJECTS
_bSSLC PAREEKSHYKK ORAMUGHAM
260 _aNEW DELHI
_bGOT. OFINDIA
300 _bVCD
942 _cBK
999 _c7958
_d7958